000 01185nam a2200217Ii 4500
003 JO-AjNU
008 230605s9999||||xx |||||||||||||| ||und||
020 _a9953-33-719-5
040 _aJO-AjNU
_bara
_erda
_cJO-AjNU
041 _aara
050 1 4 _aHG151.F37.2005
100 3 _aالفاروقي، تحسين التاجي,
_eauthor
_927519
245 0 4 _aThe Dictionary of Banking Finance and Investment English-Arabic = قاموس مصطلحات المصارف و المال و الاستثمار إنجليزي - عربي
250 _aط1
264 3 1 _aبيروت: مكتبة لبنان، 2005
300 _a1100ص
_bيشتمل على مراجع ببلوغرافية باللغة العربية واللغة الانجليزية ص(1097-1100)ويشتمل على مسرد مصطلحات إنكليزي - عربي ص(707-1096)
336 _atext
_btxt
_2rdacontent
337 _aunmediated
_bn
_2rdamedia
338 _avolume
_bnc
_2rdacarrier
650 4 _aالتمويل -- معاجم -- المصارف و الاعمال المصرفية -- معاجم -- الاستثمارات -- معاجم -- اللغة الانجليزية -- اللغة العربية. -- معاجم
_927520
999 _aA10564
_c14132
_d14132